I'll Show You Out Of Order Speech - Scent of A Woman #2 - Statistics

General Stats
  • This quiz has been taken 6 times
  • The average score is 123 of 152
Answer Stats
Word % Correct
a
100%
always
100%
be
100%
But
100%
can
100%
come
100%
don't
100%
Don't
100%
has
100%
he
100%
He
100%
here
100%
here's
100%
I
100%
-- I
100%
if
100%
in
100%
is
100%
it.
100%
It
100%
it!
100%
It's
100%
knew
100%
knew.
100%
know
100%
life.
100%
my
100%
never
100%
not
100%
Now
100%
of.
100%
of
100%
on
100%
one
100%
or
100%
tell
100%
that,
100%
-- that
100%
the
100%
to
100%
too
100%
took
100%
was.
100%
was
100%
what
100%
why?
100%
you
100%
You
100%
you.
100%
And
75%
Charlie.
75%
Charlie's
75%
chosen
75%
crossroads
75%
crossroads.
75%
damn
75%
day
75%
friends,
75%
gonna
75%
hard.
75%
have
75%
He's
75%
integrity!
75%
made
75%
make
75%
me.
75%
out
75%
path
75%
path.
75%
proud
75%
right
75%
sell
75%
should
75%
silence
75%
That's
75%
that's
75%
this:
75%
this
75%
today
75%
Without
75%
won't
75%
wrong.
75%
your
75%
Believe
50%
boy's
50%
buy
50%
called
50%
committee.
50%
courage!
50%
destroy
50%
exception,
50%
future!!
50%
future
50%
future.
50%
hands,
50%
him
50%
his
50%
hold
50%
I'm
50%
judge
50%
jury.
50%
leaders
50%
leads
50%
promise
50%
Protect
50%
stuff
50%
ya
50%
anybody
25%
character.
25%
continue
25%
Embrace
25%
journey.
25%
Let
25%
principle
25%
valuable
25%
No matching quizzes found
Score Distribution
Percent of People with Each Score
Percentile by Number Answered
Your Score History
You have not taken this quiz